Formulación de dieta artificial para la crianza del controlador Cryptolaemus Montrouzieris Mulsant

Uloženo v:
Podrobná bibliografie
Hlavní autor: González Sánchez, Claudia Andrea (Autor)
Médium: Kniha
Jazyk:španělština
Vydáno: Valparaíso Pontificia Universidad Católica de Valparaíso 2006
Témata:
Tagy: Přidat tag
Žádné tagy, Buďte první, kdo vytvoří štítek k tomuto záznamu!

MARC

LEADER 00000nam a2200000 a 4500
001 UCI7514
003 CL-VaPUC
008 080703e20060000CL |||||||||||||||||spa|d
082 0 4 |a 632.7  |b GON  |2 21 
100 |a González Sánchez, Claudia Andrea  |e author  |9 806400 
245 1 0 |a Formulación de dieta artificial para la crianza del controlador Cryptolaemus Montrouzieris Mulsant 
300 |a 14 p 
942 |c BK 
945 |d 20080703 00:00:00  |a jtorresc 
260 |a Valparaíso  |b Pontificia Universidad Católica de Valparaíso  |c 2006 
500 |a Taller de Estadísticas 
500 |a Trabajo solicitado por: María Isabel Marco 
500 |a Profesor guía del taller: Axa Rojas Duandeaux 
650 7 |a CRYPTOLAEMUS MONTROUZIERI  |2 CL-VaPUC  |9 530769 
650 7 |a DIETAS ARTIFICIALES  |2 CL-VaPUC  |9 528815 
650 7 |a CHANCHITO BLANCO  |2 CL-VaPUC  |9 530770 
650 0 |a Control biológico   |9 338554 
650 0 |a Análisis estadístico  |9 269506 
650 0 |a Almacenamiento  |9 341876 
583 |a last modification  |c 20180124 01:57:37  |k Rodrigo Vera 
999 |c 330765  |d 330763 
952 |0 0  |1 0  |2 ddc  |4 0  |6 632_700000000000000_GON_2006  |7 0  |8 T  |9 416531  |a BIBGIM  |b BIBGIM  |d 2019-11-22  |i 4453646  |o 632.7 GON 2006  |p 4453646  |r 2019-11-22  |w 2019-11-22  |y BK_X  |k EST